000
00186 a2200097 4500
001
42335
100
_a
Sha
245
_a
The Shaheen
260
_a
_b
PAF Press
_c
090
_c
26275
_d
26275
942
_a
NUST-CAE
_c
M
_c
18086
999
_c
277408
_d
277408